Les films "Don Camillo" avec Fernandel - Statistiques

Statistiques générales
  • Ce quiz a été pris 50 fois
  • Le résultat moyen est 4 sur 5
Statistiques - réponses
Film Réponse % Correct
1952 - ....de Don Camillo le petit monde
93%
1965 - Don Camillo en ... Russie
86%
1953 - ....de Don Camillo le retour
76%
1961 - Don Camillo .... Monseigneur
67%
1955 - .... de Don Camillo la grande bagarre
60%
Aucun quiz correspondant
Distribution des résultats
% des personnes avec chaque résultat
Percentile par nombre de réponses
Votre historique - résultats
Vous n’avez pas pris ce quiz